[Event "V Open Escacs Xàtiva"]
[Site "Xàtiva, Spain"]
[Date "2019.07.18"]
[Round "6.8"]
[White "Calderon Campos, Jose Carlos"]
[Black "Martinez Lopez, Jaume"]
[Result "0-1"]
[WhiteElo "1798"]
[BlackElo "2007"]
[PlyCount "70"]
[EventDate "2019.??.??"]

1. d4 {[%clk 01:29:42]  [%emt 00:01:21]} 1... d6 {
[%clk 01:30:52]  [%emt 00:00:09]} 2. Bf4 {[%clk 01:29:42]  [%emt 00:00:27]}
2... g6 {[%clk 01:31:07]  [%emt 00:00:19]} 3. e3 {
[%clk 01:29:49]  [%emt 00:00:22]} 3... Bg7 {[%clk 01:31:33]  [%emt 00:00:14]}
4. Nf3 {[%clk 01:29:53]  [%emt 00:00:14]} 4... Nf6 {
[%clk 01:31:34]  [%emt 00:00:33]} 5. Bd3 {[%clk 01:29:21]  [%emt 00:01:40]}
5... Nc6 {[%clk 01:31:57]} 6. O-O {[%clk 01:29:33]} 6... O-O {
[%clk 01:31:12]  [%emt 00:01:21]} 7. c3 {[%clk 01:27:39]  [%emt 00:02:02]} 7...
Nd7 {[%clk 01:31:28]  [%emt 00:00:36]} 8. Bg3 {[%clk 01:26:05]  [%emt 00:01:47]
} 8... e5 {[%clk 01:31:07]  [%emt 00:00:45]} 9. Bh4 {
[%clk 01:19:24]  [%emt 00:07:17]} 9... Qe8 {[%clk 01:28:44]  [%emt 00:02:49]}
10. Bc4 {[%clk 01:18:03]  [%emt 00:01:49]} 10... Ne7 {
[%clk 01:20:24]  [%emt 00:09:31]} 11. e4 {[%clk 01:14:19]  [%emt 00:03:34]}
11... Nc6 {[%clk 01:18:21]  [%emt 00:02:32]} 12. d5 {
[%clk 01:08:31]  [%emt 00:06:35]} 12... Ne7 {[%clk 01:18:32]  [%emt 00:00:08]}
13. Nbd2 {[%clk 01:07:23]  [%emt 00:01:32]} 13... h6 {
[%clk 01:13:15]  [%emt 00:05:46]} 14. Rc1 {[%clk 00:59:31]  [%emt 00:08:22]}
14... f5 {[%clk 01:13:10]  [%emt 00:01:00]} 15. Bxe7 {
[%clk 00:59:43]  [%emt 00:00:04]} 15... Qxe7 {[%clk 01:13:25]  [%emt 00:00:09]}
16. Bd3 {[%clk 00:59:27]  [%emt 00:00:42]} 16... Nf6 {
[%clk 01:11:37]  [%emt 00:02:25]} 17. exf5 {[%clk 00:57:35]  [%emt 00:02:16]}
17... gxf5 {[%clk 01:11:46]  [%emt 00:00:21]} 18. Nh4 {
[%clk 00:57:42]  [%emt 00:00:23]} 18... Ne4 {[%clk 00:54:52]  [%emt 00:17:21]}
19. Bxe4 {[%clk 00:43:40]  [%emt 00:14:35]} 19... Qxh4 {
[%clk 00:55:12]  [%emt 00:00:10]} 20. g3 {[%clk 00:43:30]  [%emt 00:00:36]}
20... Qf6 {[%clk 00:43:23]  [%emt 00:12:18]} 21. Bg2 {
[%clk 00:41:57]  [%emt 00:02:02]} 21... Bd7 {[%clk 00:41:07]  [%emt 00:02:49]}
22. c4 {[%clk 00:39:10]  [%emt 00:03:15]} 22... b6 {
[%clk 00:39:31]  [%emt 00:02:38]} 23. b3 {[%emt 00:01:49]} 23... Rae8 {
[%clk 00:38:55]  [%emt 00:00:56]} 24. b4 {[%clk 00:30:17]  [%emt 00:07:44]}
24... e4 {[%clk 00:35:53]  [%emt 00:03:29]} 25. Nb3 {
[%clk 00:23:43]  [%emt 00:07:04]} 25... f4 {[%clk 00:32:55]  [%emt 00:03:28]}
26. c5 {[%clk 00:23:00]  [%emt 00:01:18]} 26... f3 {
[%clk 00:32:59]  [%emt 00:00:23]} 27. Bh1 {[%clk 00:23:20]  [%emt 00:00:07]}
27... Bb5 {[%clk 00:25:53]  [%emt 00:07:36]} 28. Qd2 {
[%clk 00:14:24]  [%emt 00:09:38]} 28... Bxf1 {[%clk 00:23:58]  [%emt 00:02:13]}
29. Rxf1 {[%clk 00:13:58]  [%emt 00:00:57]} 29... h5 {
[%clk 00:21:50]  [%emt 00:02:38]} 30. c6 {[%clk 00:12:47]  [%emt 00:01:40]}
30... e3 {[%clk 00:21:37]  [%emt 00:00:45]} 31. Qd3 {
[%clk 00:01:39]  [%emt 00:11:36]} 31... Bh6 {[%clk 00:21:36]  [%emt 00:00:32]}
32. h4 {[%clk 00:00:43]  [%emt 00:01:26]} 32... exf2+ {
[%clk 00:21:29]  [%emt 00:00:38]} 33. Kh2 {[%clk 00:00:46]  [%emt 00:01:02]}
33... Re3 {[%clk 00:16:48]  [%emt 00:04:33]} 34. Qd4 {
[%clk 00:01:02]  [%emt 00:00:17]} 34... Qxd4 {[%clk 00:16:14]  [%emt 00:01:02]}
35. Nxd4 {[%clk 00:01:25]  [%emt 00:00:20]} 35... Re1 {
[%clk 00:16:35]  [%emt 00:00:15]} 0-1

[Event "V Open Escacs Xàtiva"]
[Site "Xàtiva, Spain"]
[Date "2019.07.18"]
[Round "6.9"]
[White "Ponce Valero, Juan Antonio"]
[Black "Ulla Centelles, Llorens"]
[Result "1-0"]
[WhiteElo "1949"]
[BlackElo "1274"]
[PlyCount "57"]
[EventDate "2019.??.??"]

1. e4 {[%clk 01:30:59]} 1... e5 {[%clk 01:30:21]  [%emt 00:00:26]} 2. Nf3 {
[%clk 01:31:27]} 2... d6 {[%clk 01:30:23]  [%emt 00:00:23]} 3. d4 {
[%clk 01:31:23]  [%emt 00:00:37]} 3... exd4 {[%clk 01:30:07]  [%emt 00:00:55]}
4. Bc4 {[%clk 01:29:14]  [%emt 00:02:30]} 4... Nc6 {
[%clk 01:30:10]  [%emt 00:00:23]} 5. Nxd4 {[%clk 01:23:13]  [%emt 00:06:46]}
5... Ne5 {[%clk 01:28:59]  [%emt 00:01:05]} 6. Be2 {
[%clk 01:19:31]  [%emt 00:04:38]} 6... Nf6 {[%clk 01:28:34]  [%emt 00:00:48]}
7. Nc3 {[%clk 01:19:48]  [%emt 00:00:20]} 7... Bd7 {
[%clk 01:28:38]  [%emt 00:00:19]} 8. O-O {[%clk 01:12:01]  [%emt 00:08:51]}
8... Qc8 {[%clk 01:28:46]  [%emt 00:00:11]} 9. f3 {
[%clk 01:06:27]  [%emt 00:05:53]} 9... Be7 {[%clk 01:28:43]  [%emt 00:00:16]}
10. Bg5 {[%clk 01:05:23]  [%emt 00:01:52]} 10... c6 {
[%clk 01:28:46]  [%emt 00:00:26]} 11. Qd2 {[%clk 01:03:36]  [%emt 00:02:22]}
11... O-O {[%clk 01:28:42]  [%emt 00:00:34]} 12. Rad1 {
[%clk 01:03:27]  [%emt 00:00:30]} 12... b5 {[%clk 01:28:04]  [%emt 00:01:10]}
13. a3 {[%clk 01:00:49]  [%emt 00:03:12]} 13... a5 {
[%clk 01:28:06]  [%emt 00:00:24]} 14. b3 {[%clk 00:58:12]  [%emt 00:03:04]}
14... b4 {[%clk 01:28:16]  [%emt 00:00:13]} 15. axb4 {
[%clk 00:54:01]  [%emt 00:04:48]} 15... axb4 {[%clk 01:28:39]  [%emt 00:00:16]}
16. Na4 {[%clk 00:54:12]  [%emt 00:00:11]} 16... Qb7 {
[%clk 01:27:27]  [%emt 00:01:35]} 17. Nf5 {[%clk 00:49:22]  [%emt 00:05:26]}
17... Bxf5 {[%emt 00:00:22]} 18. exf5 {[%emt 00:00:09]} 18... Rfd8 {
[%clk 01:26:21]  [%emt 00:00:59]} 19. Kh1 {[%clk 00:43:19]  [%emt 00:06:45]}
19... h5 {[%clk 01:24:00]  [%emt 00:02:39]} 20. f4 {
[%clk 00:38:51]  [%emt 00:05:32]} 20... Ne4 {[%clk 01:23:47]  [%emt 00:00:05]}
21. Qe3 {[%clk 00:39:10]  [%emt 00:00:25]} 21... Nxg5 {
[%clk 01:23:36]  [%emt 00:00:41]} 22. fxg5 {[%clk 00:36:26]  [%emt 00:03:17]}
22... Ng4 {[%clk 01:22:58]  [%emt 00:00:53]} 23. Bxg4 {
[%clk 00:33:44]  [%emt 00:03:24]} 23... hxg4 {[%clk 01:22:18]  [%emt 00:00:58]}
24. f6 {[%clk 00:33:56]  [%emt 00:00:38]} 24... Bf8 {
[%clk 01:22:13]  [%emt 00:00:37]} 25. Qf4 {[%clk 00:33:54]  [%emt 00:00:20]}
25... c5 {[%clk 01:19:52]  [%emt 00:02:42]} 26. Qxg4 {
[%clk 00:32:56]  [%emt 00:01:34]} 26... Qd7 {[%clk 01:19:20]  [%emt 00:00:38]}
27. Qh4 {[%emt 00:02:01]} 27... Qc6 {[%clk 01:18:19]  [%emt 00:00:18]} 28. g6 {
[%clk 00:31:41]  [%emt 00:02:13]} 28... fxg6 {[%clk 01:18:24]  [%emt 00:00:05]}
29. f7# {[%clk 00:31:07]  [%emt 00:01:05]} 1-0

[Event "V Open Escacs Xàtiva"]
[Site "Xàtiva, Spain"]
[Date "2019.07.18"]
[Round "6.11"]
[White "Soriano Folch, Jonathan"]
[Black "Domenech Briz, Jose"]
[Result "1-0"]
[WhiteElo "1874"]
[BlackElo "1565"]
[PlyCount "51"]
[EventDate "2019.??.??"]

1. e4 {[%clk 01:30:57]  [%emt 00:00:02]} 1... c5 {
[%clk 01:30:51]  [%emt 00:00:09]} 2. Nf3 {[%clk 01:31:21]  [%emt 00:00:06]}
2... Nc6 {[%clk 01:31:09]  [%emt 00:00:13]} 3. d4 {
[%clk 01:31:28]  [%emt 00:00:23]} 3... cxd4 {[%clk 01:31:23]  [%emt 00:00:15]}
4. Nxd4 {[%clk 01:31:54]  [%emt 00:00:05]} 4... d6 {
[%clk 01:31:34]  [%emt 00:00:18]} 5. Bb5 {[%clk 01:30:26]  [%emt 00:01:58]}
5... Bd7 {[%clk 01:31:11]  [%emt 00:00:48]} 6. Nc3 {
[%clk 01:28:16]  [%emt 00:02:45]} 6... Nf6 {[%clk 01:31:07]  [%emt 00:00:34]}
7. O-O {[%clk 01:27:58]  [%emt 00:00:48]} 7... e5 {
[%clk 01:29:13]  [%emt 00:02:24]} 8. Nf3 {[%clk 01:26:34]  [%emt 00:01:54]}
8... Be7 {[%clk 01:29:16]  [%emt 00:00:27]} 9. Bg5 {
[%clk 01:23:08]  [%emt 00:03:56]} 9... O-O {[%clk 01:27:02]  [%emt 00:02:43]}
10. Qd2 {[%clk 01:15:14]  [%emt 00:08:24]} 10... Qc7 {
[%clk 01:24:43]  [%emt 00:02:50]} 11. Rad1 {[%clk 01:13:52]  [%emt 00:01:53]}
11... Ne8 {[%clk 01:20:10]  [%emt 00:05:01]} 12. Bxe7 {
[%clk 01:00:40]  [%emt 00:13:43]} 12... Nxe7 {[%clk 01:20:31]  [%emt 00:00:09]}
13. Bxd7 {[%clk 01:01:05]  [%emt 00:00:05]} 13... Qxd7 {
[%clk 01:20:55]  [%emt 00:00:07]} 14. Nxe5 {[%clk 01:01:26]  [%emt 00:00:09]}
14... Qc7 {[%clk 01:19:33]  [%emt 00:01:52]} 15. Nf3 {
[%clk 00:59:46]  [%emt 00:02:09]} 15... Ng6 {[%clk 01:18:02]  [%emt 00:02:02]}
16. Nd5 {[%clk 00:55:57]  [%emt 00:04:19]} 16... Qc4 {
[%clk 01:12:58]  [%emt 00:05:33]} 17. Qd4 {[%clk 00:50:46]  [%emt 00:05:41]}
17... Qxc2 {[%clk 00:54:34]  [%emt 00:18:54]} 18. Rc1 {
[%clk 00:48:06]  [%emt 00:03:10]} 18... Qe2 {[%clk 00:54:50]  [%emt 00:00:14]}
19. h4 {[%clk 00:39:18]  [%emt 00:09:18]} 19... h5 {
[%clk 00:44:19]  [%emt 00:11:01]} 20. Rfe1 {[%clk 00:38:40]  [%emt 00:01:08]}
20... Qb5 {[%clk 00:41:28]  [%emt 00:03:21]} 21. e5 {
[%clk 00:37:54]  [%emt 00:01:17]} 21... dxe5 {[%clk 00:39:21]  [%emt 00:02:37]}
22. Nxe5 {[%clk 00:38:07]  [%emt 00:00:17]} 22... Qa6 {
[%clk 00:29:58]  [%emt 00:09:53]} 23. Nd7 {[%clk 00:32:03]  [%emt 00:06:34]}
23... Rd8 {[%clk 00:26:20]  [%emt 00:04:08]} 24. Nxf8 {
[%clk 00:31:45]  [%emt 00:00:47]} 24... Kxf8 {[%clk 00:26:38]  [%emt 00:00:11]}
25. Nc7 {[%clk 00:28:27]  [%emt 00:03:50]} 25... Rxd4 {
[%clk 00:24:06]  [%emt 00:03:01]} 26. Rxe8# {[%clk 00:28:39]  [%emt 00:00:18]}
1-0

[Event "V Open Escacs Xàtiva"]
[Site "Xàtiva, Spain"]
[Date "2019.07.18"]
[Round "6.12"]
[White "Vila Tormo, Eduardo"]
[Black "Soriano Pallas, Rafael"]
[Result "1/2-1/2"]
[WhiteElo "1587"]
[BlackElo "1839"]
[PlyCount "61"]
[EventDate "2019.??.??"]

1. e4 {[%clk 01:31:00]  [%emt 00:19:57]} 1... e6 {
[%clk 01:30:54]  [%emt 00:00:08]} 2. d4 {[%clk 01:31:00]  [%emt 00:00:30]} 2...
d5 {[%clk 01:31:16]  [%emt 00:00:08]} 3. e5 {[%clk 01:30:17]  [%emt 00:01:12]}
3... c5 {[%clk 01:31:40]  [%emt 00:00:06]} 4. c3 {
[%clk 01:30:13]  [%emt 00:00:33]} 4... Nc6 {[%clk 01:31:53]  [%emt 00:00:18]}
5. Nf3 {[%clk 01:28:17]  [%emt 00:02:26]} 5... Qb6 {
[%clk 01:32:13]  [%emt 00:00:10]} 6. Bd3 {[%clk 01:27:40]  [%emt 00:01:06]}
6... Bd7 {[%clk 01:31:54]  [%emt 00:00:50]} 7. Bc2 {
[%clk 01:22:53]  [%emt 00:05:16]} 7... Nh6 {[%clk 01:32:13]  [%emt 00:00:12]}
8. O-O {[%clk 01:22:24]  [%emt 00:00:59]} 8... cxd4 {
[%clk 01:31:10]  [%emt 00:01:33]} 9. cxd4 {[%clk 01:22:19]  [%emt 00:00:34]}
9... Nb4 {[%clk 01:31:02]  [%emt 00:00:38]} 10. Ba4 {
[%clk 01:16:13]  [%emt 00:06:36]} 10... Nf5 {[%clk 01:29:32]  [%emt 00:02:00]}
11. Bxd7+ {[%clk 01:15:04]  [%emt 00:01:40]} 11... Kxd7 {
[%clk 01:29:51]  [%emt 00:00:11]} 12. Nc3 {[%clk 01:11:47]  [%emt 00:03:46]}
12... Nc6 {[%clk 01:26:28]  [%emt 00:03:53]} 13. Ne2 {
[%clk 01:08:42]  [%emt 00:03:34]} 13... Be7 {[%clk 01:24:49]  [%emt 00:02:10]}
14. g4 {[%clk 01:03:54]  [%emt 00:05:18]} 14... Nh4 {
[%clk 01:24:23]  [%emt 00:00:55]} 15. Nxh4 {[%clk 01:01:45]  [%emt 00:02:40]}
15... Bxh4 {[%clk 01:24:44]  [%emt 00:00:08]} 16. Be3 {
[%clk 00:54:26]  [%emt 00:07:49]} 16... h5 {[%clk 01:21:27]  [%emt 00:03:48]}
17. gxh5 {[%clk 00:48:14]  [%emt 00:06:42]} 17... Rxh5 {
[%clk 01:17:47]  [%emt 00:04:10]} 18. Nc3 {[%clk 00:45:53]  [%emt 00:02:51]}
18... Rah8 {[%clk 01:17:21]  [%emt 00:00:55]} 19. Qg4 {
[%clk 00:34:31]  [%emt 00:11:53]} 19... Ne7 {[%clk 01:14:53]  [%emt 00:02:58]}
20. Na4 {[%clk 00:32:08]  [%emt 00:02:53]} 20... Qb5 {
[%clk 01:04:01]  [%emt 00:11:21]} 21. Nc5+ {[%clk 00:32:26]  [%emt 00:00:12]}
21... Ke8 {[%clk 01:03:23]  [%emt 00:01:07]} 22. b4 {
[%clk 00:27:59]  [%emt 00:04:58]} 22... Nf5 {[%clk 01:02:51]  [%emt 00:01:02]}
23. a4 {[%clk 00:13:03]  [%emt 00:15:27]} 23... Nxe3 {
[%clk 00:53:53]  [%emt 00:09:28]} 24. fxe3 {[%clk 00:12:18]  [%emt 00:01:15]}
24... Qxb4 {[%clk 00:50:37]  [%emt 00:03:46]} 25. Rab1 {
[%clk 00:02:27]  [%emt 00:10:21]} 25... Qd2 {[%clk 00:50:33]  [%emt 00:00:35]}
26. Nxe6 {[%clk 00:01:16]  [%emt 00:01:41]} 26... fxe6 {
[%clk 00:06:20]  [%emt 00:44:42]} 27. Qxe6+ {[%clk 00:01:22]  [%emt 00:00:24]}
27... Be7 {[%clk 00:06:42]  [%emt 00:00:08]} 28. Qf7+ {
[%clk 00:01:25]  [%emt 00:00:27]} 28... Kd8 {[%clk 00:06:57]  [%emt 00:00:16]}
29. Qxd5+ {[%clk 00:01:22]  [%emt 00:00:33]} 29... Ke8 {
[%clk 00:06:42]  [%emt 00:00:44]} 30. Qf7+ {[%clk 00:01:16]  [%emt 00:00:36]}
30... Kd8 {[%clk 00:07:08]  [%emt 00:00:05]} 31. Qd5+ {
[%clk 00:01:09]  [%emt 00:00:36]} 1/2-1/2

[Event "V Open Escacs Xàtiva"]
[Site "Xàtiva, Spain"]
[Date "2019.07.18"]
[Round "6.13"]
[White "Custard Gasco, Daniela Brenda"]
[Black "Perucho Ortega, Jordan"]
[Result "1-0"]
[WhiteElo "1811"]
[BlackElo "1367"]
[PlyCount "61"]
[EventDate "2019.??.??"]

1. e4 {[%clk 01:30:59]  [%emt 00:19:55]} 1... e5 {
[%clk 01:25:46]  [%emt 00:05:18]} 2. Nf3 {[%clk 01:31:23]  [%emt 00:00:05]}
2... d6 {[%clk 01:25:06]  [%emt 00:01:11]} 3. d4 {
[%clk 01:31:41]  [%emt 00:00:12]} 3... Nf6 {[%clk 01:24:32]  [%emt 00:01:03]}
4. Nc3 {[%clk 01:31:24]  [%emt 00:00:47]} 4... exd4 {
[%clk 01:23:47]  [%emt 00:01:15]} 5. Nxd4 {[%clk 01:30:57]  [%emt 00:00:56]}
5... c5 {[%clk 01:23:26]  [%emt 00:00:53]} 6. Nf3 {
[%clk 01:27:26]  [%emt 00:04:00]} 6... Bg4 {[%clk 01:23:14]  [%emt 00:00:43]}
7. Bf4 {[%clk 01:24:05]  [%emt 00:03:50]} 7... Nc6 {
[%clk 01:17:49]  [%emt 00:05:56]} 8. Bb5 {[%clk 01:24:17]  [%emt 00:00:18]}
8... Rc8 {[%clk 01:16:20]  [%emt 00:01:59]} 9. Qd3 {
[%clk 01:21:34]  [%emt 00:03:13]} 9... Bxf3 {[%clk 01:15:24]  [%emt 00:01:26]}
10. gxf3 {[%clk 01:18:05]  [%emt 00:03:58]} 10... a6 {
[%clk 01:15:24]  [%emt 00:00:31]} 11. Bxc6+ {[%clk 01:18:05]  [%emt 00:00:30]}
11... Rxc6 {[%clk 01:15:43]  [%emt 00:00:10]} 12. Rg1 {
[%clk 01:17:09]  [%emt 00:01:26]} 12... g6 {[%clk 01:15:26]  [%emt 00:00:47]}
13. O-O-O {[%clk 01:16:47]  [%emt 00:00:52]} 13... Bg7 {
[%clk 01:15:49]  [%emt 00:00:07]} 14. Bxd6 {[%clk 01:13:26]  [%emt 00:03:51]}
14... c4 {[%clk 01:15:14]  [%emt 00:01:05]} 15. Qd2 {
[%clk 01:11:19]  [%emt 00:02:35]} 15... Nh5 {[%clk 01:13:18]  [%emt 00:02:28]}
16. e5 {[%clk 01:08:37]  [%emt 00:03:12]} 16... Rxd6 {
[%clk 01:12:36]  [%emt 00:01:13]} 17. Qxd6 {[%clk 01:08:03]  [%emt 00:01:03]}
17... Qxd6 {[%clk 01:12:50]  [%emt 00:00:17]} 18. exd6 {
[%clk 01:08:03]  [%emt 00:00:29]} 18... Bxc3 {[%clk 01:12:45]  [%emt 00:00:36]}
19. bxc3 {[%clk 01:07:12]  [%emt 00:01:19]} 19... Nf4 {
[%clk 01:12:51]  [%emt 00:00:25]} 20. Rge1+ {[%clk 01:07:16]  [%emt 00:00:25]}
20... Kd7 {[%clk 01:12:53]  [%emt 00:00:30]} 21. Re7+ {
[%clk 01:07:11]  [%emt 00:00:34]} 21... Kc6 {[%clk 01:12:49]  [%emt 00:00:34]}
22. Rc7+ {[%clk 01:05:38]  [%emt 00:02:03]} 22... Kb6 {
[%clk 01:12:52]  [%emt 00:00:28]} 23. Rxf7 {[%clk 01:05:34]  [%emt 00:00:32]}
23... Ne6 {[%clk 01:13:07]  [%emt 00:00:16]} 24. d7 {
[%clk 01:00:01]  [%emt 00:06:02]} 24... Nd8 {[%clk 01:13:30]  [%emt 00:00:09]}
25. Re7 {[%clk 01:00:01]  [%emt 00:00:28]} 25... Kc7 {
[%clk 01:13:21]  [%emt 00:00:41]} 26. Re8 {[%clk 01:00:14]  [%emt 00:00:16]}
26... Nf7 {[%clk 01:12:55]  [%emt 00:00:57]} 27. Rxh8 {
[%clk 01:00:35]  [%emt 00:00:09]} 27... Nxh8 {[%clk 01:13:12]  [%emt 00:00:12]}
28. d8=Q+ {[%clk 01:00:43]  [%emt 00:00:21]} 28... Kc6 {
[%clk 01:13:33]  [%emt 00:00:11]} 29. Qd6+ {[%clk 01:00:15]  [%emt 00:00:58]}
29... Kb5 {[%clk 01:13:51]  [%emt 00:00:11]} 30. Rd5+ {
[%clk 01:00:35]  [%emt 00:00:10]} 30... Ka4 {[%emt 00:00:29]} 31. Qb4# {
[%emt 00:00:47]} 1-0

[Event "V Open Escacs Xàtiva"]
[Site "Xàtiva, Spain"]
[Date "2019.07.18"]
[Round "6.14"]
[White "Albuixech Soler, Jordi"]
[Black "Albuixech Sanz, Jorge"]
[Result "1-0"]
[WhiteElo "1330"]
[BlackElo "1781"]
[PlyCount "59"]
[EventDate "2019.??.??"]

1. f4 {[%clk 01:30:56]  [%emt 00:00:03]} 1... d5 {
[%clk 01:30:55]  [%emt 00:00:05]} 2. Nf3 {[%clk 01:31:04]  [%emt 00:00:22]}
2... c5 {[%clk 01:31:18]  [%emt 00:00:07]} 3. e3 {
[%clk 01:31:26]  [%emt 00:00:08]} 3... Nf6 {[%clk 01:31:29]  [%emt 00:00:18]}
4. Be2 {[%clk 01:31:48]  [%emt 00:00:09]} 4... g6 {
[%clk 01:31:43]  [%emt 00:00:16]} 5. O-O {[%clk 01:31:12]  [%emt 00:01:06]}
5... Bg7 {[%clk 01:32:08]  [%emt 00:00:04]} 6. d3 {
[%clk 01:31:38]  [%emt 00:00:04]} 6... O-O {[%clk 01:31:53]  [%emt 00:00:46]}
7. Nc3 {[%clk 01:32:02]  [%emt 00:00:06]} 7... Nc6 {
[%clk 01:26:48]  [%emt 00:05:35]} 8. Ne5 {[%clk 01:31:37]  [%emt 00:00:55]}
8... Qc7 {[%clk 01:22:29]  [%emt 00:04:48]} 9. Nxc6 {
[%clk 01:31:46]  [%emt 00:00:22]} 9... Qxc6 {[%clk 01:21:29]  [%emt 00:01:30]}
10. Bf3 {[%clk 01:32:08]  [%emt 00:00:08]} 10... e6 {
[%clk 01:21:24]  [%emt 00:00:35]} 11. e4 {[%clk 01:31:53]  [%emt 00:00:45]}
11... d4 {[%clk 01:20:10]  [%emt 00:01:44]} 12. e5 {
[%clk 01:31:17]  [%emt 00:01:05]} 12... Nd5 {[%clk 01:20:24]  [%emt 00:00:16]}
13. Ne4 {[%clk 01:31:07]  [%emt 00:00:41]} 13... Rb8 {
[%clk 01:18:40]  [%emt 00:02:15]} 14. a3 {[%clk 01:31:25]  [%emt 00:00:12]}
14... a5 {[%clk 01:15:59]  [%emt 00:03:10]} 15. Qe1 {
[%clk 01:31:12]  [%emt 00:00:43]} 15... b6 {[%clk 01:15:49]  [%emt 00:00:40]}
16. Nf6+ {[%clk 01:20:57]  [%emt 00:10:45]} 16... Bxf6 {[%emt 00:07:55]} 17.
exf6 {[%clk 01:19:41]  [%emt 00:00:09]} 17... Qc7 {
[%clk 01:10:02]  [%emt 00:00:57]} 18. Qh4 {[%clk 01:19:56]  [%emt 00:00:13]}
18... Qd8 {[%clk 01:10:06]  [%emt 00:00:27]} 19. Bxd5 {
[%clk 01:19:33]  [%emt 00:00:54]} 19... exd5 {[%clk 01:10:25]  [%emt 00:00:11]}
20. f5 {[%clk 01:19:37]  [%emt 00:00:26]} 20... Kh8 {
[%clk 01:09:30]  [%emt 00:01:24]} 21. fxg6 {[%clk 01:19:40]  [%emt 00:00:27]}
21... fxg6 {[%clk 01:08:25]  [%emt 00:01:36]} 22. Bg5 {
[%clk 01:17:56]  [%emt 00:02:13]} 22... Rf7 {[%clk 01:08:44]  [%emt 00:00:11]}
23. Rae1 {[%clk 01:18:08]  [%emt 00:00:18]} 23... Rbb7 {
[%clk 01:07:58]  [%emt 00:01:17]} 24. Re7 {[%clk 01:18:18]  [%emt 00:00:19]}
24... h5 {[%clk 01:00:13]  [%emt 00:08:15]} 25. Rfe1 {
[%clk 01:15:53]  [%emt 00:02:55]} 25... Kh7 {[%clk 01:00:21]  [%emt 00:00:22]}
26. h3 {[%clk 01:15:48]  [%emt 00:00:35]} 26... Rbxe7 {
[%clk 00:56:37]  [%emt 00:04:15]} 27. Rxe7 {[%clk 01:15:33]  [%emt 00:00:44]}
27... Kg8 {[%clk 00:56:07]  [%emt 00:01:00]} 28. Qe1 {
[%clk 01:13:57]  [%emt 00:02:06]} 28... Rxe7 {[%clk 00:54:50]  [%emt 00:01:48]}
29. fxe7 {[%clk 01:12:57]  [%emt 00:01:30]} 29... Qe8 {
[%clk 00:53:29]  [%emt 00:01:50]} 30. Qe5 {[%emt 00:01:26]} 1-0